| 000 | 00823nam a22001817a 4500 | ||
|---|---|---|---|
| 005 | 20241010160525.0 | ||
| 010 | _aHIN-128564 | ||
| 020 |
_a9789356846203 _c250.00 |
||
| 035 | _aHN-100910 | ||
| 037 | _bDBAD | ||
| 082 | _a920 | ||
| 100 |
_aत्रिवेदी, अरुणा _972610 |
||
| 245 |
_aसमाज की शक्ति स्तंभ नारियाँ / _cअरुणा त्रिवेदी |
||
| 260 |
_aनई दिल्ली _bडायमंड पॉकेट बुक्स _c2023 |
||
| 270 |
_aX-30, ओखला इंडस्ट्रियल एरिया, फेज-2 _bनई दिल्ली _e110020 _k011-40712200 _msales@dpb.in |
||
| 300 |
_a252 पृ. _c22 सेमी (अजिल्द) |
||
| 942 |
_cHN _2ddc _h920 _mत्रिवेदी |
||
| 999 |
_c206276 _d206276 |
||